Score 0/50 Timer 05:00
0 Plays Today
Hint Answer % Correct
1) Europe/AsiaRussia
99.7%
2) North AmericaCanada
99%
3) North AmericaUSA
98.6%
4) AsiaChina
97.6%
6) South AmericaBrazil
97.6%
5) OceaniaAustralia
96.6%
8) South AmericaArgentina
95.9%
7) AsiaIndia
94.2%
13) North AmericaMexico
91.9%
24) AfricaSouth Africa
89.8%
10) AfricaAlgeria
88.8%
29) AfricaEgypt
88.1%
19) South AmericaPeru
86.4%
9) AsiaKazakhstan
86.1%
18) AsiaMongolia
84.4%
16) AfricaLibya
83.7%
12) AsiaSaudi Arabia
83.4%
14) AsiaIndonesia
83.4%
15) AfricaSudan
83.1%
11) AfricaDemocratic Republic Of The Congo
82.7%
36) South AmericaChile
82.7%
17) AsiaIran
82%
21) AfricaNiger
81.4%
25) South AmericaColombia
81%
20) AfricaChad
80.7%
Hint Answer % Correct
39) EuropeFrance
80.7%
35) Europe/AsiaTurkey
78.3%
30) AfricaNigeria
75.3%
31) South AmericaVenezuela
75.3%
23) AfricaMali
74.6%
27) South AmericaBolivia
73.6%
33) AsiaPakistan
73.2%
22) AfricaAngola
72.9%
26) AfricaEthiopia
72.5%
44) EuropeUkraine
72.5%
47) EuropeSpain
66.8%
32) AfricaNamibia
63.7%
40) AsiaAfghanistan
61.4%
28) AfricaMauritania
61%
34) AfricaMozambique
59.3%
46) AsiaThailand
58.6%
41) AfricaSomalia
58.3%
43) AfricaMadagascar
55.9%
38) AsiaMyanmar
52.9%
50) OceaniaPapua New Guinea
52.2%
37) AfricaZambia
51.5%
42) AfricaBotswana
51.2%
48) AsiaTurkmenistan
48.8%
49) AfricaCameroon
43.4%
45) AsiaYemen
35.3%
Remove Ads.
Support Sporcle.
Get the best of Sporcle when you Go Orange. This ad-free experience offers more features, more stats, and more fun while also helping to support Sporcle. Thank you for becoming a member.

You're not logged in!

Compare scores with friends on all Sporcle quizzes.
OR
Log In

Show Comments

Extras

Created Dec 18, 2014ReportNominate
Tags:Country Quiz, area, biggest

Top Quizzes Today


Score Distribution

Your Account Isn't Verified!

In order to create a playlist on Sporcle, you need to verify the email address you used during registration. Go to your Sporcle Settings to finish the process.

Report this User

Report this user for behavior that violates our Community Guidelines.

Details: